| 000 | 01143nac a22003610a 4500 | ||
|---|---|---|---|
| 001 | PT10835 | ||
| 003 | AR-LpoUNG | ||
| 005 | 20210201004941.0 | ||
| 008 | 201001s1998||||sp |||||||||||||||||spa d | ||
| 020 |
_a8420665991 _c$35.33 |
||
| 040 |
_aAR-LpoUNG _bspa _eaacr |
||
| 041 | _aspa | ||
| 044 | _asp | ||
| 082 | 0 | _a980.033 735v2 | |
| 100 | 1 |
_aLinz, Juan J. _ecomp. |
|
| 245 | 1 | 4 |
_aLas crisis del presidencialismo : _b2 el caso latinoaméricano |
| 250 | _a1§ edición | ||
| 260 |
_aMadrid : _bAlianza, _c1998. |
||
| 300 |
_a386 p. : _bfot. _a(2 _fVolúmenes) _3Impreso |
||
| 490 | 0 | _aLas crisis del presidencialismo | |
| 520 | _aEn este trabajo se subraya la necesidad de explicar el amplio contexto institucional y político que encuadra el proceso que lleva al colapso de la democracia. | ||
| 650 | 4 | _aASPECTOS POLITICOS | |
| 650 | 4 | _aDEMOCRACIA | |
| 650 | 4 | _aESTADO | |
| 650 | 4 | _aPARTIDOS POLITICOS | |
| 650 | 4 | _aPOLITICOS | |
| 650 | 4 | _aSISTEMAS POLITICOS | |
| 700 | 1 |
_aGómez Cedillo, Adolfo _etr. |
|
| 700 | 1 |
_aGómez Cedillo, Adolfo _etr. |
|
| 700 | 1 |
_aValenzuela, Arturo _ecomp. |
|
| 905 | _a10835 | ||
| 942 | _cLIB | ||
| 999 |
_c47992 _d47992 |
||